000 00639nam a2200217 4500
003 OSt
005 20240730070923.0
006 a
008 240730b |||||||| |||| 00| 0 eng d
020 _a9781439059647
040 _aDWCL-Main lib.
_cOC
082 _2Third edition
_aCirc. 692.5 P913f 2011
100 _aPratt, David J.
245 _aFundamentals of construction estimating /
250 _aThird edition
260 _aN.Y. :
_bDelmar Cengage Learning,
_cc2011.
300 _axiv,
_b482 p. : ill. ;
_c29 cm.
504 _aIncludes index.
650 _a1. Building-Estimates.
942 _2ddc
_n0
_cBK-CIRC
_eThird edition
_kCirc.
999 _c2976
_d2976